Super Rugby Teams - Statistics

General Stats
  • This quiz has been taken 106 times
  • The average score is 10 of 12
Answer Stats
Answer % Correct
Auckland Blues
91%
Otago Highlanders
87%
Queensland Reds
87%
Australian Capital Territory Brumbies
86%
Canterbury Crusaders
86%
Fijian Drua
86%
Wellington Highlanders
85%
Waikato Chiefs
83%
Western Force
79%
Melbourne Rebels
76%
New South Wales Waratahs
73%
Moana Pasifika
50%
No matching quizzes found
Score Distribution
Percent of People with Each Score
Percentile by Number Answered
Your Score History
You have not taken this quiz